Изучи сам BORLAND C++ за 21 день: Extra credit; пер. с англ.

التفاصيل البيبلوغرافية
المؤلف الرئيسي: Шаммас Н. К. Намир Клемент
مؤلفون آخرون: Эрнуш К. Крэйг, Малрой Э. Эдвард
اللغة:الروسية
منشور في: Минск, Попурри, 1996
الموضوعات:
التنسيق: كتاب
KOHA link:https://koha.lib.tpu.ru/cgi-bin/koha/opac-detail.pl?biblionumber=2766

MARC

LEADER 00000nam0a2200000 4500
001 2766
005 20231030174114.0
010 |a 9854380025 
035 |a (RuTPU)RU\TPU\book\2779 
035 |a BOOK00002786 
090 |a 2766 
100 |a 20011209d1996 m y0rusy50 ca 
101 1 |a rus  |c eng 
102 |a BY 
105 |a a j 000zy 
200 1 |a Изучи сам BORLAND C++ за 21 день  |e Extra credit  |e пер. с англ.  |f Н. К. Шаммас, К. Эрнуш, Э. Малрой 
210 |a Минск  |c Попурри  |d 1996 
215 |a 400 с.  |c ил. 
610 1 |a программирование 
610 1 |a языки программирования 
610 1 |a Borland C++ 4.5 
610 1 |a самоучители 
610 1 |a учебные пособия 
675 |a 681.3.06(07)  |v 3 
700 1 |a Шаммас  |b Н. К.  |g Намир Клемент 
701 1 |a Эрнуш  |b К.  |g Крэйг 
701 1 |a Малрой  |b Э.  |g Эдвард 
801 0 |a RU  |b 63413507  |c 20011209  |g PSBO 
801 2 |a RU  |b 63413507  |c 20061222  |g PSBO 
900 |a Алгоритмические языки программирования 
942 |c BK